[Event "19th EUR-ch"]
[Site "Batumi GEO"]
[Date "2018.03.21"]
[Round "5.74"]
[White "Zarubitski, Viachaslau"]
[Black "Moroni, Luca jr"]
[Result "1-0"]
[WhiteElo "2425"]
[BlackElo "2559"]
[EventDate "2018.03.17"]
[PlyCount "107"]

1.e4 e5 2.Nf3 Nc6 3.Bb5 a6 4.Ba4 Nge7 5.O-O g6 6.c3 Bg7 7.d4 exd4 8.Nxd4 
O-O 9.Be3 b5 10.Bc2 Bb7 11.Nd2 d5 12.Nxc6 Bxc6 13.Bc5 Re8 14.Qf3 dxe4 15.
Nxe4 Nf5 16.Rad1 Qh4 17.Rfe1 Kh8 18.g3 Qh3 19.Qg2 Qxg2+ 20.Kxg2 Re5 21.f3 
h5 22.Kf2 Rae8 23.Bb4 Bd5 24.a4 Kg8 25.a5 c6 26.Nc5 Ne3 27.Rxe3 Rxe3 28.
Ne4 Bh6 29.Bc5 R3xe4 30.Bxe4 Bf8 31.Bxf8 Bxe4 32.fxe4 Kxf8 33.Rd6 Rxe4 34.
Rxc6 Ra4 35.b4 Ra2+ 36.Kg1 Ra1+ 37.Kf2 Ra2+ 38.Kg1 Ra1+ 39.Kg2 Ra2+ 40.Kh3
Kg7 41.Rxa6 f5 42.Rb6 g5 43.a6 Kf7 44.Rxb5 Kf6 45.Rb6+ Ke5 46.b5 Ke4 47.
Rf6 Ke5 48.Rg6 g4+ 49.Kh4 f4 50.Kxh5 f3 51.Kxg4 f2 52.Rg5+ Kf6 53.Rf5+ Kg6
54.Rf3 1-0

[Event "19th EUR-ch"]
[Site "Batumi GEO"]
[Date "2018.03.21"]
[Round "5.75"]
[White "Ushenina, Anna"]
[Black "Ter-Sahakian, Samvel"]
[Result "0-1"]
[WhiteElo "2423"]
[BlackElo "2553"]
[EventDate "2018.03.17"]
[PlyCount "108"]

1.d4 Nf6 2.Nf3 d5 3.Bf4 c5 4.e3 Nc6 5.Nbd2 e6 6.c3 Bd6 7.Bg3 O-O 8.Bb5 Qe7
9.Bxc6 bxc6 10.Qa4 Bxg3 11.hxg3 cxd4 12.cxd4 Rb8 13.Rb1 Rb6 14.Ne5 Ba6 15.
f3 c5 16.Qa3 Nd7 17.Kf2 Nxe5 18.dxe5 f6 19.exf6 Qxf6 20.Qxc5 Bd3 21.Rbd1 
Rxb2 22.Qd4 Bc2 23.Ra1 Qxd4 24.exd4 Ba4 25.Ke3 e5 26.Rh4 Re8 27.dxe5 Rxe5+
28.Kd3 Be8 29.Kc3 Rb7 30.Nb3 Re2 31.Kd4 Rxg2 32.g4 Bf7 33.Rc1 g5 34.Rhh1 
Rxa2 35.Rc8+ Kg7 36.Nc5 Re7 37.Rb1 Rd2+ 38.Kc3 Rf2 39.Rbb8 Rxf3+ 40.Kd2 
Rf4 41.Nb7 Rxg4 42.Nd6 Rg2+ 43.Kc3 d4+ 44.Kd3 Bg6+ 45.Kxd4 Rd2+ 46.Kc5 
Re5+ 47.Kc6 Rc2+ 48.Kd7 Rxc8 49.Nxc8 g4 50.Kd6 Kf6 51.Nxa7 Re1 52.Rf8+ Kg5
53.Nc6 g3 54.Ne5 Rxe5 0-1

[Event "19th EUR-ch"]
[Site "Batumi GEO"]
[Date "2018.03.21"]
[Round "5.76"]
[White "Drori, Saar"]
[Black "Savchenko, Boris"]
[Result "1/2-1/2"]
[WhiteElo "2420"]
[BlackElo "2550"]
[EventDate "2018.03.17"]
[PlyCount "90"]

1.e4 e5 2.Nf3 Nc6 3.Bc4 Nf6 4.d3 Be7 5.O-O O-O 6.Re1 d6 7.a4 h6 8.a5 a6 9.
h3 Kh8 10.Nc3 Qe8 11.d4 Bd8 12.Bb3 Nxd4 13.Nxd4 exd4 14.Qxd4 Be6 15.Ba4 
Qe7 16.Bf4 Nh5 17.Bxh6 c5 18.Qd1 gxh6 19.Qxh5 Qg5 20.Qxg5 hxg5 21.Nd5 Bxd5
22.exd5 Bxa5 23.c3 Bd8 24.Re4 Kg7 25.f4 gxf4 26.Rxf4 Bg5 27.Rf5 Bf6 28.
Raf1 Be5 29.Rg5+ Kh6 30.Rff5 f6 31.Rg4 Rh8 32.Bd1 b5 33.c4 bxc4 34.Rxc4 
Bxb2 35.Rg4 Rae8 36.Kf1 Re3 37.Ba4 Rh7 38.Rf2 Be5 39.Bc2 Re7 40.Rg6+ Kh5 
41.g4+ Kh4 42.g5 fxg5 43.Rh6+ Kg3 44.Rg2+ Kf3 45.Rf2+ Kg3 1/2-1/2

[Event "19th EUR-ch"]
[Site "Batumi GEO"]
[Date "2018.03.21"]
[Round "5.77"]
[White "Sanal, Vahap"]
[Black "Gadimbayli, Abdulla"]
[Result "0-1"]
[WhiteElo "2543"]
[BlackElo "2416"]
[EventDate "2018.03.17"]
[PlyCount "130"]

1.e4 e6 2.d4 d5 3.Nd2 c5 4.exd5 Qxd5 5.dxc5 Bxc5 6.Ngf3 Nf6 7.Bc4 Qc6 8.
Qe2 a6 9.Nb3 Bd6 10.O-O O-O 11.Bg5 Nbd7 12.Rfd1 Re8 13.a4 b6 14.Rd4 e5 15.
Rh4 Bb7 16.Rd1 Bf8 17.c3 h6 18.Be3 g5 19.Rh3 Bg7 20.Ne1 Qxa4 21.Ra1 Qc6 
22.Bxa6 Bxa6 23.Rxa6 Rxa6 24.Qxa6 Qd5 25.Nd2 Ra8 26.Qc4 Ra1 27.Kf1 Qd6 28.
Nb3 Rb1 29.Qe2 Ne4 30.Qc2 Qd1 31.Qxd1 Rxd1 32.Nc1 f5 33.Ke2 Rd6 34.Ncd3 
Nef6 35.Bc1 e4 36.Nb4 Ne5 37.b3 g4 38.Rxh6 Bxh6 39.Bxh6 Ng6 40.Be3 f4 41.
Bd4 Nh4 42.Kf1 Nd7 43.Nbc2 Nf5 44.f3 exf3 45.gxf3 g3 46.hxg3 fxg3 47.b4 
Nf8 48.Be5 Rd5 49.Bd4 Rd6 50.Be5 Rh6 51.Kg1 Ng6 52.Bc7 Ngh4 53.Be5 b5 54.
Nd4 Ra6 55.Nxf5 Nxf5 56.Nc2 g2 57.Kh2 Rg6 58.Kg1 Ra6 59.Kh2 Ra2 60.Nd4 Ne3
61.Bf4 Nd5 62.Bd6 Nxc3 63.Bc5 Ne2 64.Nxe2 Rxe2 65.Kg3 Rb2 0-1

[Event "19th EUR-ch"]
[Site "Batumi GEO"]
[Date "2018.03.21"]
[Round "5.78"]
[White "Erenberg, Ariel"]
[Black "Nevednichy, Vladislav"]
[Result "0-1"]
[WhiteElo "2415"]
[BlackElo "2542"]
[EventDate "2018.03.17"]
[PlyCount "76"]

1.d4 d6 2.Nf3 Nf6 3.c4 g6 4.Nc3 Bg7 5.e4 O-O 6.Be2 e5 7.O-O Nc6 8.d5 Ne7 
9.b4 a5 10.Ba3 Re8 11.bxa5 Rxa5 12.Bb4 Ra8 13.c5 dxc5 14.Bxc5 c6 15.dxc6 
Qa5 16.Bxe7 Rxe7 17.Rc1 bxc6 18.Qd6 Re6 19.Qd2 Re8 20.Rfd1 Bf8 21.Qg5 Kg7 
22.Nd2 Be6 23.Bc4 Rad8 24.Bxe6 Rxe6 25.Qe3 Bb4 26.Nb3 Rxd1+ 27.Rxd1 Qa3 
28.Qc1 Qa7 29.Qc2 Bxc3 30.Qxc3 Qxf2+ 31.Kxf2 Nxe4+ 32.Ke1 Nxc3 33.Rd2 Na4 
34.Rd7 Re8 35.Ra7 Nc3 36.a4 e4 37.a5 e3 38.Nd4 Rb8 0-1

[Event "19th EUR-ch"]
[Site "Batumi GEO"]
[Date "2018.03.21"]
[Round "5.79"]
[White "Can, Isik"]
[Black "Beliavsky, Alexander"]
[Result "1/2-1/2"]
[WhiteElo "2413"]
[BlackElo "2537"]
[EventDate "2018.03.17"]
[PlyCount "54"]

1.e4 e5 2.Nf3 Nc6 3.Bb5 a6 4.Bxc6 dxc6 5.O-O Bg4 6.h3 h5 7.d3 Qf6 8.Nbd2 
Ne7 9.Re1 Ng6 10.d4 Nf4 11.hxg4 hxg4 12.g3 gxf3 13.Qxf3 Ne6 14.dxe5 Qxe5 
15.Nb3 Bd6 16.Qf5 O-O-O 17.Qxf7 Rh3 18.Bf4 Nxf4 19.gxf4 Qf6 20.Qxf6 gxf6 
21.Kg2 Rh4 22.e5 fxe5 23.fxe5 Rg8+ 24.Kf1 Rh1+ 25.Ke2 Rxe1+ 26.Rxe1 Bxe5 
27.c3 b6 1/2-1/2

[Event "19th EUR-ch"]
[Site "Batumi GEO"]
[Date "2018.03.21"]
[Round "5.80"]
[White "Triapishko, Alexandr"]
[Black "Abdulov, Orkhan"]
[Result "1/2-1/2"]
[WhiteElo "2530"]
[BlackElo "2412"]
[EventDate "2018.03.17"]
[PlyCount "134"]

1.e4 e5 2.Nf3 Nf6 3.Nxe5 d6 4.Nf3 Nxe4 5.d4 d5 6.Bd3 Nc6 7.O-O Be7 8.Nbd2 
Bf5 9.Re1 Nxd2 10.Qxd2 Bxd3 11.Qxd3 O-O 12.c3 Re8 13.Bf4 Qd7 14.Re3 Bd6 
15.Ng5 g6 16.Bxd6 Qxd6 17.Rae1 Rxe3 18.Qxe3 h6 19.Nh3 Kg7 20.f3 Rd8 21.Nf2
h5 22.Nd3 Rd7 23.Qf4 Qxf4 24.Nxf4 Kf6 25.Re8 h4 26.Rc8 Kf5 27.Nd3 b6 28.
Kf2 a5 29.a4 f6 30.g4+ hxg3+ 31.hxg3 g5 32.g4+ Ke6 33.f4 Rh7 34.Kg3 Re7 
35.Rf8 Rg7 36.Kf3 Rh7 37.Kg3 Rg7 38.fxg5 fxg5 39.Ne1 Ne7 40.Nf3 Kd7 41.Rf6
Rg8 42.Ne5+ Ke8 43.b4 Rf8 44.Re6 axb4 45.cxb4 Rf1 46.Ng6 Kf7 47.Rxe7+ Kxg6
48.Rxc7 Ra1 49.Ra7 Rb1 50.a5 Rxb4 51.Ra6 Rxd4 52.Rxb6+ Kg7 53.Rd6 Rd3+ 54.
Kf2 d4 55.Rd5 Kf6 56.Rf5+ Kg6 57.Rf8 Ra3 58.Rf5 Ra2+ 59.Kf3 d3 60.Rd5 d2 
61.Ke2 Kf6 62.Kd1 Kg6 63.Rd6+ Kg7 64.a6 Kh7 65.Ke2 Kg7 66.Ke3 Rxa6 67.Rxd2
Re6+ 1/2-1/2

[Event "19th EUR-ch"]
[Site "Batumi GEO"]
[Date "2018.03.21"]
[Round "5.81"]
[White "Mirzoev, Emil"]
[Black "Baron, Tal"]
[Result "1/2-1/2"]
[WhiteElo "2405"]
[BlackElo "2529"]
[EventDate "2018.03.17"]
[PlyCount "69"]

1.d4 Nf6 2.c4 e6 3.Nc3 Bb4 4.a3 Bxc3+ 5.bxc3 O-O 6.f3 Nc6 7.e4 e5 8.Bg5 
Re8 9.Ne2 d6 10.Nc1 h6 11.Bxf6 Qxf6 12.Nb3 Qh4+ 13.g3 Qg5 14.Qd2 exd4 15.
cxd4 f5 16.Qxg5 hxg5 17.Kd2 fxe4 18.Re1 Bf5 19.Bg2 exf3 20.Bxf3 g4 21.Bd5+
Kh7 22.Bxc6 bxc6 23.Rxe8 Rxe8 24.Re1 Be4 25.Kc3 Kg6 26.Nd2 d5 27.c5 Kf6 
28.Re2 g5 29.Nxe4+ dxe4 30.Kd2 Rb8 31.Ke3 Rb3+ 32.Kxe4 Rxa3 33.Rb2 Ke6 34.
Rb7 Kd7 35.Kf5 1/2-1/2

[Event "19th EUR-ch"]
[Site "Batumi GEO"]
[Date "2018.03.21"]
[Round "5.82"]
[White "Kelires, Andreas"]
[Black "Schekachikhin, Maksim"]
[Result "1-0"]
[WhiteElo "2523"]
[BlackElo "2406"]
[EventDate "2018.03.17"]
[PlyCount "83"]

1.d4 d5 2.c4 e6 3.Nf3 c6 4.g3 dxc4 5.Bg2 b5 6.O-O Bb7 7.b3 cxb3 8.axb3 Nd7
9.Nc3 Ngf6 10.Ne5 Nd5 11.Ne4 Be7 12.Bb2 O-O 13.Qd2 Nxe5 14.dxe5 c5 15.Rfc1
Qb6 16.Nf6+ Nxf6 17.exf6 gxf6 18.Qd7 Bxg2 19.Qxe7 Bh3 20.Qxf6 e5 21.Qxe5 
f6 22.Qh5 Qe6 23.Rxc5 Bg4 24.Qh6 Rf7 25.Rac1 Raf8 26.Qf4 Bxe2 27.Re1 Qxb3 
28.Qd4 Qd3 29.Qf4 Qf3 30.Qg5+ Rg7 31.Qd2 Bc4 32.Re3 Qg4 33.Qc3 Rd7 34.h3 
Qg6 35.Kh2 a5 36.Rf3 Be2 37.Rff5 h6 38.Qe3 Bc4 39.Rf4 Rg7 40.Rcf5 Qe8 41.
Rxf6 Bf7 42.Qd4 1-0

[Event "19th EUR-ch"]
[Site "Batumi GEO"]
[Date "2018.03.21"]
[Round "5.83"]
[White "Tate, Alan"]
[Black "Shengelia, David"]
[Result "1/2-1/2"]
[WhiteElo "2399"]
[BlackElo "2508"]
[EventDate "2018.03.17"]
[PlyCount "144"]

1.c4 e5 2.g3 d5 3.cxd5 Qxd5 4.Nf3 Nf6 5.Nc3 Qa5 6.d3 e4 7.dxe4 Nxe4 8.Qd5 
Qxd5 9.Nxd5 Na6 10.Bg2 Be6 11.Nf4 Bb4+ 12.Nd2 Nxd2 13.Bxd2 O-O-O 14.Nd3 
Bxd2+ 15.Kxd2 Nb4 16.Kc3 Nxd3 17.exd3 Rd6 18.Rhe1 Rhd8 19.Re3 c5 20.Rc1 a5
21.Kd2 b6 22.a3 Rd4 23.Rc3 Kc7 24.Re4 Rxe4 25.Bxe4 f5 26.Bf3 Rd4 27.h4 Kd6
28.Ke3 Ke5 29.Ke2 h6 30.Bc6 Kd6 31.Bg2 b5 32.Ke3 b4 33.axb4 Rxb4 34.Ra3 a4
35.Bf3 Bb3 36.Kd2 f4 37.Kc3 fxg3 38.fxg3 Rb8 39.Ra1 Rf8 40.Rf1 Rf6 41.Be2 
Rg6 42.g4 Re6 43.Kd2 Re8 44.Rf4 Rb8 45.Kc3 Rb7 46.Bf3 Re7 47.Be4 Re8 48.
Kd2 Rb8 49.Kc3 Be6 50.g5 Ke5 51.Rf1 hxg5 52.hxg5 Rb3+ 53.Kc2 Kd4 54.Bc6 a3
55.Rf4+ Ke5 56.Re4+ Kf5 57.bxa3 Rxa3 58.Kd2 Ra6 59.Bb5 Rd6 60.Ke3 Bd5 61.
Re7 Re6+ 62.Rxe6 Bxe6 63.d4 c4 64.Bc6 Bc8 65.Bb5 Be6 66.Bc6 Bf7 67.Kd2 
Kxg5 68.Kc3 Kf4 69.d5 g5 70.d6 Be6 71.d7 Bxd7 72.Bxd7 g4 1/2-1/2

[Event "19th EUR-ch"]
[Site "Batumi GEO"]
[Date "2018.03.21"]
[Round "5.85"]
[White "Sanikidze, Tornike"]
[Black "Mirzoyan, David"]
[Result "1-0"]
[WhiteElo "2501"]
[BlackElo "2350"]
[EventDate "2018.03.17"]
[PlyCount "89"]

1.d4 d5 2.c4 e6 3.Nf3 Nf6 4.Bg5 Be7 5.Nc3 h6 6.Bxf6 Bxf6 7.e3 O-O 8.Qd2 
dxc4 9.Bxc4 c5 10.d5 exd5 11.Nxd5 Nc6 12.O-O Bg4 13.Rac1 b6 14.Rfd1 Ne5 
15.Nxe5 Bxe5 16.f3 Be6 17.Qc2 b5 18.Bxb5 Bxd5 19.f4 Bc7 20.Bc4 Qe7 21.Bxd5
Qxe3+ 22.Qf2 Bxf4 23.Bxa8 Qxf2+ 24.Kxf2 Bxc1 25.Rxc1 Rxa8 26.Rxc5 Re8 27.
Ra5 Re7 28.b4 g6 29.a4 Kg7 30.Ra6 Kh7 31.b5 Kg7 32.h4 Kf8 33.Kf3 Kg7 34.
Kf4 Kh7 35.g3 Kg7 36.Rd6 Kh7 37.a5 Rb7 38.b6 axb6 39.axb6 Re7 40.Rd3 Rb7 
41.Rb3 f5 42.Ke5 Kg7 43.Ke6 h5 44.Rb1 Kh6 45.Rb5 1-0

[Event "19th EUR-ch"]
[Site "Batumi GEO"]
[Date "2018.03.21"]
[Round "5.86"]
[White "Golubov, Saveliy"]
[Black "Aliev, Ravan"]
[Result "1/2-1/2"]
[WhiteElo "2495"]
[BlackElo "2330"]
[EventDate "2018.03.17"]
[PlyCount "93"]

1.e4 e6 2.c3 d5 3.e5 c5 4.Nf3 Nc6 5.Na3 Nge7 6.g3 Nf5 7.Bg2 a6 8.d3 Be7 9.
O-O b5 10.Nc2 Qc7 11.Qe2 Bb7 12.h4 h6 13.h5 g6 14.hxg6 fxg6 15.g4 Ng7 16.
d4 c4 17.Ne3 g5 18.b3 h5 19.bxc4 bxc4 20.Bh3 O-O-O 21.a4 Kb8 22.Kg2 Na5 
23.Ba3 Bxa3 24.Rxa3 Nb3 25.Rb1 hxg4 26.Bxg4 Nh5 27.Bxh5 Rxh5 28.Ng4 Qh7 
29.Rbxb3 cxb3 30.Nf6 Qc2 31.Qxc2 bxc2 32.Ra1 g4 33.Nxh5 gxf3+ 34.Kxf3 Rc8 
35.Ke2 Rxc3 36.Rc1 Bc6 37.Nf4 Bd7 38.Kd2 Rf3 39.Nd3 Bxa4 40.Nc5 Bb5 41.
Nxe6 Rxf2+ 42.Kc3 Bd7 43.Nc5 Bf5 44.Nxa6+ Kb7 45.Nb4 Rf3+ 46.Kb2 Rf4 47.
Kc3 1/2-1/2

[Event "19th EUR-ch"]
[Site "Batumi GEO"]
[Date "2018.03.21"]
[Round "5.87"]
[White "Assaubaeva, Bibisara"]
[Black "Flom, Gabriel"]
[Result "0-1"]
[WhiteElo "2369"]
[BlackElo "2493"]
[EventDate "2018.03.17"]
[PlyCount "110"]

1.c4 Nf6 2.Nc3 e5 3.g3 Bb4 4.Bg2 O-O 5.a3 Bxc3 6.bxc3 Re8 7.Nf3 e4 8.Nd4 
d5 9.cxd5 Qxd5 10.O-O Qh5 11.d3 Bh3 12.dxe4 Ng4 13.Nf3 Nc6 14.Nh4 Bxg2 15.
Kxg2 Rxe4 16.h3 Nf6 17.Nf3 Rae8 18.Bg5 Rxe2 19.Bxf6 gxf6 20.Qb3 Na5 21.Qa4
R8e4 22.Qd7 Nc4 23.Nd4 Ne3+ 24.Kg1 Rxd4 25.cxd4 Qf3 26.Qe8+ Kg7 27.Qxe3 
Rxe3 28.fxe3 Qxg3+ 29.Kh1 Qxh3+ 30.Kg1 Qg3+ 31.Kh1 Qh3+ 32.Kg1 Qxe3+ 33.
Kh2 Qxd4 34.Ra2 Qe5+ 35.Kg1 f5 36.Raf2 Kf6 37.Rf3 c5 38.Kf2 b5 39.Rh1 Qd4+
40.Kg2 h5 41.Rfh3 b4 42.axb4 cxb4 43.Rxh5 b3 44.Rh6+ Kg7 45.Rh7+ Kg8 46.
R7h4 Qd2+ 47.Kf3 Qc3+ 48.Kf4 b2 49.Rg1+ Kf8 50.Rhh1 a5 51.Rd1 a4 52.Rd8+ 
Ke7 53.Rdd1 a3 54.Rhe1+ Qxe1 55.Rxe1+ Kd6 0-1

[Event "19th EUR-ch"]
[Site "Batumi GEO"]
[Date "2018.03.21"]
[Round "5.88"]
[White "Kacharava, Nikolozi"]
[Black "Zanan, Evgeny"]
[Result "0-1"]
[WhiteElo "2362"]
[BlackElo "2493"]
[EventDate "2018.03.17"]
[PlyCount "74"]

1.e4 c5 2.Nf3 e6 3.d4 cxd4 4.Nxd4 Nc6 5.Nc3 Qc7 6.Be3 a6 7.Qf3 Ne5 8.Qg3 
b5 9.O-O-O Nf6 10.f4 Neg4 11.Bg1 h5 12.e5 b4 13.Nb1 Nd5 14.Nd2 Bb7 15.h3 
Nh6 16.Nc4 d6 17.Bh2 dxe5 18.fxe5 O-O-O 19.Nd6+ Kb8 20.Nxb7 Qxb7 21.Qd3 
Bc5 22.Qxa6 Ne3 23.c3 bxc3 24.bxc3 Nxd1 25.Qxb7+ Kxb7 26.Kxd1 Nf5 27.Bd3 
Nxd4 28.cxd4 Rxd4 29.Ke2 Rhd8 30.Rd1 Ra4 31.Rd2 Ra3 32.Bf4 Kc7 33.Bc4 
Rxd2+ 34.Kxd2 Bd4 35.Be2 g6 36.g4 hxg4 37.Bxg4 Ra5 0-1

[Event "19th EUR-ch"]
[Site "Batumi GEO"]
[Date "2018.03.21"]
[Round "5.89"]
[White "Krykun, Yuriy"]
[Black "Ferreira, Jorge Viterbo"]
[Result "0-1"]
[WhiteElo "2340"]
[BlackElo "2492"]
[EventDate "2018.03.17"]
[PlyCount "60"]

1.Nf3 d5 2.d4 Nf6 3.c4 e6 4.g3 Bb4+ 5.Nbd2 O-O 6.Bg2 b6 7.O-O Bb7 8.a3 Be7
9.cxd5 exd5 10.b4 Nbd7 11.Bb2 c6 12.Qb3 Re8 13.Rfc1 Bd6 14.e3 Qe7 15.Ne1 
Ne4 16.Ndf3 Rac8 17.Nd3 Ba6 18.Qd1 f6 19.Bf1 Bc4 20.Nf4 b5 21.Nd3 Nb6 22.
Bh3 Ra8 23.Nc5 Nxf2 24.Kxf2 Qxe3+ 25.Kg2 Be2 26.Qe1 Bxf3+ 27.Kf1 Be2+ 28.
Kg2 Bxc5 29.dxc5 Bf3+ 30.Kf1 Qd3+ 0-1

[Event "19th EUR-ch"]
[Site "Batumi GEO"]
[Date "2018.03.21"]
[Round "5.90"]
[White "Mikaelyan, Arman"]
[Black "Atakishiev, Elmar"]
[Result "1-0"]
[WhiteElo "2486"]
[BlackElo "1999"]
[EventDate "2018.03.17"]
[PlyCount "89"]

1.Nf3 d5 2.c4 c6 3.e3 Nf6 4.Nc3 e6 5.b3 Nbd7 6.Bb2 Bd6 7.Qc2 O-O 8.Be2 b6 
9.Rg1 Bb7 10.g4 e5 11.g5 Ne8 12.cxd5 cxd5 13.Nb5 Rc8 14.Qf5 Qe7 15.Qh3 d4 
16.Rg4 Qe6 17.g6 h5 18.Qxh5 Ndf6 19.gxf7+ Rxf7 20.Ng5 Nxh5 21.Nxe6 dxe3 
22.fxe3 Nhf6 23.Rg1 Bb8 24.Ng5 Rd7 25.Nc3 Nd6 26.Ba3 Kf8 27.O-O-O Ke8 28.
Kb2 a6 29.Ne6 Nf5 30.Rg5 Kf7 31.Nf8 Rxf8 32.Bxf8 Kxf8 33.Rxf5 e4 34.h4 Ke7
35.Kc2 b5 36.Rg1 Kf8 37.h5 Rd6 38.Rg6 Bc8 39.Rfg5 b4 40.Na4 Rc6+ 41.Rc5 
Rxc5+ 42.Nxc5 Bd6 43.h6 Bxc5 44.hxg7+ Kf7 45.Rxf6+ 1-0

[Event "19th EUR-ch"]
[Site "Batumi GEO"]
[Date "2018.03.21"]
[Round "5.91"]
[White "Danielyan, Vahe"]
[Black "Pavlov, Sergey"]
[Result "0-1"]
[WhiteElo "2331"]
[BlackElo "2485"]
[EventDate "2018.03.17"]
[PlyCount "64"]

1.e4 c5 2.Nf3 e6 3.d4 cxd4 4.Nxd4 Nf6 5.Nc3 Nc6 6.Ndb5 d6 7.Bf4 e5 8.Bg5 
a6 9.Na3 Be6 10.Bxf6 Qxf6 11.Nd5 Qd8 12.c3 Be7 13.Be2 Bg5 14.O-O Ne7 15.
Nc4 Bxd5 16.exd5 b5 17.Nd2 O-O 18.a4 Qb6 19.Nf3 Bf6 20.Qb3 e4 21.Nd2 e3 
22.Ne4 exf2+ 23.Kh1 Be5 24.c4 Qd4 25.Nxf2 bxc4 26.Qxc4 Qxb2 27.Rab1 Qd2 
28.Rbd1 Qg5 29.Nd3 Nf5 30.Nxe5 Ne3 31.Qe4 Qxe5 32.Qxe5 dxe5 0-1

[Event "19th EUR-ch"]
[Site "Batumi GEO"]
[Date "2018.03.21"]
[Round "5.92"]
[White "Yeritsian, Hayk"]
[Black "Stefanova, Antoaneta"]
[Result "1-0"]
[WhiteElo "2149"]
[BlackElo "2481"]
[EventDate "2018.03.17"]
[PlyCount "67"]

1.e4 g6 2.d4 Bg7 3.Nc3 a6 4.f4 b5 5.Nf3 Bb7 6.Bd3 Nf6 7.e5 Nd5 8.Qe2 Qc8 
9.O-O c5 10.Nxd5 Bxd5 11.dxc5 Qxc5+ 12.Be3 Qc7 13.a4 bxa4 14.Rxa4 O-O 15.
Ng5 d6 16.e6 f5 17.c4 Bb7 18.Qf2 Nc6 19.Qh4 h5 20.Qf2 Nd8 21.c5 Bd5 22.Bc4
Bxc4 23.Rxc4 d5 24.Rc2 Nc6 25.Nf3 Qc8 26.Re1 Qxe6 27.Bd4 Qd7 28.Rce2 Bf6 
29.Re6 Nxd4 30.Nxd4 Rac8 31.Rxa6 Rb8 32.Nc6 Rxb2 33.Qg3 Rf7 34.Qxg6+ 1-0

[Event "19th EUR-ch"]
[Site "Batumi GEO"]
[Date "2018.03.21"]
[Round "5.93"]
[White "Kovalenko, Igor"]
[Black "Torosian, Norayr"]
[Result "1/2-1/2"]
[WhiteElo "2642"]
[BlackElo "2371"]
[EventDate "2018.03.17"]
[PlyCount "129"]

1.c4 Nf6 2.g3 g6 3.Bg2 Bg7 4.Nc3 d6 5.b4 O-O 6.Rb1 e5 7.d3 Nh5 8.Nf3 f5 9.
Qb3 Kh8 10.O-O h6 11.a4 a5 12.b5 Nd7 13.Ba3 Rb8 14.b6 Nxb6 15.c5 dxc5 16.
Bxc5 Re8 17.Bxb6 cxb6 18.e4 Be6 19.Nd5 Nf6 20.Nh4 Kh7 21.Qxb6 Bxd5 22.exd5
Qxb6 23.Rxb6 Red8 24.Rb5 Rd7 25.Rxa5 Rbd8 26.Rc1 Nxd5 27.Rb5 Ne7 28.h3 
Rxd3 29.Rxb7 Rd1+ 30.Rxd1 Rxd1+ 31.Bf1 Nc6 32.Kg2 e4 33.a5 Nxa5 34.Rc7 Rd2
35.Bb5 Nb3 36.Be8 Rd6 37.Re7 Nd4 38.g4 fxg4 39.hxg4 Nf3 40.Nxg6 Rxg6 41.
Bxg6+ Kxg6 42.Rxe4 Ne5 43.Ra4 h5 44.Ra6+ Kg5 45.gxh5 Kxh5 46.Kg3 Kg5 47.
f4+ Kf5 48.fxe5 Bxe5+ 49.Kf3 Bc7 50.Rc6 Bb8 51.Rc5+ Ke6 52.Ke4 Kd6 53.Rc4 
Ba7 54.Kd3 Bb6 55.Kc3 Bc5 56.Rg4 Ke5 57.Kc4 Be3 58.Rg8 Bf2 59.Rd8 Bb6 60.
Rd5+ Ke6 61.Rb5 Bc7 62.Rh5 Kd6 63.Rh6+ Ke5 64.Kc5 Ke4 65.Re6+ 1/2-1/2

[Event "19th EUR-ch"]
[Site "Batumi GEO"]
[Date "2018.03.21"]
[Round "5.94"]
[White "Lewtak, Damian"]
[Black "Meskovs, Nikita"]
[Result "1/2-1/2"]
[WhiteElo "2370"]
[BlackElo "2536"]
[EventDate "2018.03.17"]
[PlyCount "139"]

1.c4 Nf6 2.Nc3 g6 3.g3 Bg7 4.Bg2 O-O 5.e3 e5 6.Nge2 Re8 7.f4 e4 8.O-O c6 
9.d3 exd3 10.Qxd3 Na6 11.Rd1 Nc5 12.Qc2 d6 13.Nd4 a5 14.h3 Qe7 15.Kh2 Nfe4
16.Nxe4 Nxe4 17.g4 Bd7 18.Rb1 c5 19.Qxe4 Qxe4 20.Bxe4 Rxe4 21.Nb5 Bxb5 22.
cxb5 Rd8 23.Bd2 b6 24.Kg2 d5 25.Kf3 Rde8 26.b3 c4 27.bxc4 dxc4 28.Bc1 c3 
29.Rd6 a4 30.Rc6 f5 31.gxf5 gxf5 32.a3 Rd8 33.Ke2 Rd5 34.h4 h5 35.Rc8+ Kf7
36.Rc7+ Kf8 37.Rc8+ Ke7 38.Rc7+ Rd7 39.Rc6 Bf6 40.Rc8 Rd5 41.Rc7+ Ke6 42.
Rc6+ Ke7 43.Rc7+ Kd8 44.Rc6 Bg7 45.Rg6 c2 46.Rb4 Rxb4 47.axb4 Bc3 48.Rxb6 
Bxb4 49.Rc6 Rc5 50.Ra6 a3 51.b6 Kc8 52.Ra4 Rc4 53.Bxa3 Kb7 54.Bb2 Kxb6 55.
Ra1 Kb5 56.Kd3 Be7 57.Ra8 Rc5 58.Rb8+ Ka4 59.Bc1 Bxh4 60.Ra8+ Kb3 61.Rb8+ 
Ka2 62.Rb2+ Ka1 63.Rxc2 Rxc2 64.Kxc2 Be1 65.Bb2+ Ka2 66.Bf6 h4 67.Bxh4 
Bxh4 68.Kd3 Kb3 69.e4 fxe4+ 70.Kxe4 1/2-1/2

[Event "19th EUR-ch"]
[Site "Batumi GEO"]
[Date "2018.03.21"]
[Round "5.95"]
[White "Belous, Mikhail"]
[Black "Kantor, Gergely"]
[Result "0-1"]
[WhiteElo "2355"]
[BlackElo "2527"]
[EventDate "2018.03.17"]
[PlyCount "79"]

1.d4 Nf6 2.c4 e6 3.Nc3 Bb4 4.e3 O-O 5.Ne2 c6 6.a3 Ba5 7.Qc2 d5 8.Ng3 Nbd7 
9.Bd2 e5 10.cxd5 cxd5 11.Be2 e4 12.Rc1 a6 13.b4 Bb6 14.Na4 Ba7 15.b5 a5 
16.O-O Bb8 17.f3 Re8 18.Be1 exf3 19.Rxf3 Nf8 20.Nf5 Ng6 21.b6 Bxf5 22.Qxf5
Qd6 23.Bg3 Qxa3 24.Qc2 Bxg3 25.hxg3 Rxe3 26.Nc5 Rxf3 27.Bxf3 Qe3+ 28.Kf1 
Qxd4 29.Rd1 Qe3 30.Re1 Qd4 31.Rd1 Qe5 32.Nxb7 a4 33.Nc5 Rb8 34.b7 Qc7 35.
Bxd5 Nxd5 36.Rxd5 a3 37.Qf2 Qb6 38.Rd1 a2 39.Qf5 Nf8 40.Qc2 0-1

[Event "19th EUR-ch"]
[Site "Batumi GEO"]
[Date "2018.03.21"]
[Round "5.96"]
[White "Kriebel, Tadeas"]
[Black "Baglan, Esat"]
[Result "1-0"]
[WhiteElo "2520"]
[BlackElo "2341"]
[EventDate "2018.03.17"]
[PlyCount "61"]

1.e4 e6 2.d4 d5 3.Nc3 Nf6 4.e5 Nfd7 5.f4 c5 6.Nf3 Nc6 7.Be3 Be7 8.Qd2 O-O 
9.dxc5 Nxc5 10.O-O-O a6 11.Qf2 b6 12.Nd4 Bd7 13.Kb1 f6 14.exf6 Bxf6 15.
Nxc6 Bxc6 16.Bd4 Bxd4 17.Qxd4 Qf6 18.g3 Qxd4 19.Rxd4 Rf6 20.Be2 b5 21.Re1 
Raf8 22.b4 Nb7 23.Bg4 Kf7 24.Ne2 Nd6 25.Ng1 Nc4 26.Nf3 h6 27.Rxc4 dxc4 28.
Ne5+ Kg8 29.Nxc6 g5 30.Bxe6+ Kg7 31.f5 1-0

[Event "19th EUR-ch"]
[Site "Batumi GEO"]
[Date "2018.03.21"]
[Round "5.97"]
[White "Konaplev, Anton"]
[Black "Steinberg, Nitzan"]
[Result "1/2-1/2"]
[WhiteElo "2337"]
[BlackElo "2518"]
[EventDate "2018.03.17"]
[PlyCount "64"]

1.d4 Nf6 2.c4 e6 3.Nc3 Bb4 4.e3 O-O 5.Ne2 Re8 6.a3 Bf8 7.Ng3 d5 8.Bd3 Nbd7
9.O-O b6 10.cxd5 exd5 11.b4 a5 12.b5 Bb7 13.f3 g6 14.a4 Bd6 15.Qe1 Nf8 16.
Qf2 Ne6 17.Bb2 Qe7 18.Rad1 Rad8 19.Kh1 Qf8 20.Bb1 Qh6 21.Rfe1 Qh4 22.Re2 
Nh5 23.Nf1 Qxf2 24.Rxf2 f5 25.Ba2 Nf6 26.Rc2 Re7 27.Ne2 Rde8 28.Nc1 f4 29.
Nd3 Nd7 30.Bc1 fxe3 31.Bxe3 Rf8 32.Bf2 Rfe8 1/2-1/2

[Event "19th EUR-ch"]
[Site "Batumi GEO"]
[Date "2018.03.21"]
[Round "5.98"]
[White "Martynov, Roman"]
[Black "Matinian, Nikita"]
[Result "0-1"]
[WhiteElo "2319"]
[BlackElo "2514"]
[EventDate "2018.03.17"]
[PlyCount "40"]

1.d4 Nf6 2.c4 g6 3.Nf3 Bg7 4.g3 O-O 5.Bg2 d6 6.O-O Nc6 7.Nc3 Rb8 8.h3 a6 
9.e4 b5 10.cxb5 axb5 11.Re1 e6 12.Qc2 b4 13.Ne2 Qd7 14.b3 Bb7 15.Nd2 Na7 
16.Bb2 Nb5 17.Nc4 Nxe4 18.Na5 d5 19.Rec1 Ba8 20.Qd3 c5 0-1

[Event "19th EUR-ch"]
[Site "Batumi GEO"]
[Date "2018.03.21"]
[Round "5.99"]
[White "Sprenger, Jan Michael"]
[Black "Petriashvili, Nikoloz"]
[Result "1/2-1/2"]
[WhiteElo "2513"]
[BlackElo "2329"]
[EventDate "2018.03.17"]
[PlyCount "148"]

1.e4 c5 2.Nf3 Nc6 3.d4 cxd4 4.Nxd4 Nf6 5.Nc3 d6 6.Bg5 e6 7.Qd2 Be7 8.O-O-O
O-O 9.f4 h6 10.Bh4 e5 11.Nf5 Bxf5 12.exf5 exf4 13.Kb1 d5 14.Bxf6 Bxf6 15.
Nxd5 Be5 16.c3 Ne7 17.Bc4 Nxf5 18.Qe2 Re8 19.Bb5 Re6 20.Nxf4 Rd6 21.Nd3 
Bf6 22.Nc5 Qe7 23.Ne4 Rxd1+ 24.Rxd1 Rd8 25.Rf1 Rd5 26.Nxf6+ gxf6 27.Qg4+ 
Ng7 28.Bc4 f5 29.Qf4 Rd8 30.g4 Qd6 31.Qxd6 Rxd6 32.gxf5 Kf8 33.Kc2 Ke7 34.
Bd3 Kf6 35.c4 a5 36.Kc3 Rd7 37.a3 b6 38.Re1 Rd8 39.Re4 Rd6 40.Re1 Rd8 41.
Bc2 Ne8 42.Re4 Nd6 43.Rh4 Rc8 44.Kb3 Kg5 45.Rd4 Nxf5 46.Bxf5 Kxf5 47.Rd6 
Rb8 48.Rxh6 Ke5 49.Kc3 f5 50.b4 axb4+ 51.axb4 f4 52.Kd3 Rd8+ 53.Ke2 Kd4 
54.Rf6 Rh8 55.Rxf4+ Kc3 56.h4 Kxb4 57.Kf3 b5 58.cxb5+ Kxb5 59.Kg4 Kc5 60.
Rf6 Kd5 61.Kg5 Ke5 62.Ra6 Rg8+ 63.Rg6 Rf8 64.h5 Rf1 65.Ra6 Rg1+ 66.Kh6 Kf5
67.Kh7 Rh1 68.h6 Rg1 69.Kh8 Rg6 70.Ra5+ Kf6 71.h7 Rg1 72.Ra7 Rg2 73.Rb7 
Rg1 74.Rf7+ Ke5 1/2-1/2